Ganadores de Wimbledon por Países - Estadísticas

Estadísticas generales
  • Esta prueba ha sido intentada 66 veces
    47 desde el último reinicio
  • La puntuación promedio es 121 de 137
Estadísticas de respuestas
Año País % Correcto
1966 | 2008 | 2010 | +2 others España
100%
2011 | 2014 | 2015 | +4 others Serbia
100%
1920 | 1921 | 1923 | +30 others Estados Unidos
97%
1985 | 1986 | 1989 | 1991 Alemania
92%
1924 | 1925 | 1926 | +4 others Francia
92%
2003 | 2004 | 2005 | +5 others Suiza
92%
1878 | 1879 | 1880 | +33 others Reino Unido
89%
1907 | 1910 | 1911 | +22 others Australia
78%
1976 | 1977 | 1978 | +4 others Suecia
73%
1996 Países Bajos
65%
2001 Croacia
57%
1973 Checoslovaquia
41%
1954 Egipto
30%
No se encontraron pruebas coincidentes
Distribución de puntuación
Porcentaje de gente con cada puntuación
Porcentaje por número respondido
Historial de tus puntuaciones
No has intentado esta prueba desde el último reinicio